Egy vidéki török úr otthona a 16. században

Elmentve itt :
Bibliográfiai részletek
Szerző: Fekete Lajos
Dokumentumtípus: Cikk
Megjelent: Akadémiai Kiadó Budapest 1959
Sorozat:A Magyar Tudományos Akadémia Nyelv- és Irodalomtudományi Osztályának Közleményei
Kulcsszavak:Török hódoltság - Magyarország - 16. sz.
Tárgyszavak:
Online Access:http://misc.bibl.u-szeged.hu/61590
LEADER 00898nab a2200229 i 4500
001 misc61590
005 20221103145318.0
008 220322s1959 hu o 0|| hun d
040 |a SZTE Miscellanea Repozitórium  |b hun 
041 |a hun 
100 1 |a Fekete Lajos 
245 1 0 |a Egy vidéki török úr otthona a 16. században  |h [elektronikus dokumentum] /  |c  Fekete Lajos 
260 |a Akadémiai Kiadó  |b Budapest  |c 1959 
300 |a 87-106  |c 25 cm 
300 |a 20 p.  |c 25 cm 
490 0 |a A Magyar Tudományos Akadémia Nyelv- és Irodalomtudományi Osztályának Közleményei 
561 |a Németh Gyula hagyaték 
591 |a LOA 1056; XKNY 30; XKEK 2935 
650 4 |a Bölcsészettudományok 
650 4 |a Történettudomány és régészet 
695 |a Török hódoltság - Magyarország - 16. sz. 
856 4 0 |u http://misc.bibl.u-szeged.hu/61590/1/1628_noa_f38.pdf  |z Dokumentum-elérés